Statistics for Movie quiz 2

Click here to take the quiz!

General Stats

  • This quiz has been taken 8 times
  • The average score is 3 of 16

Answer Stats

Answer% Correct
Godzilla
67%
Rampage
50%
Angel has fallen
33%
Olympus has fallen
33%
Tomorrow War
33%
War of the worlds
33%
2012
17%
Godzilla king of monsters
17%
Knowing
17%
Moon fall
17%
The day after tomorrow
17%
America has fallen
0%
Battle Of Los Angeles
0%
Into the storm
0%
Plane
0%
We have a ghost
0%

Score Distribution

Percentile by Number Answered

Percent of People with Each Score

Your Score History

You have not taken this quiz